|
|
|
|
| LEADER |
01721nam a2200373 a 4500 |
| 001 |
41362 |
| 003 |
BD-DhAAL |
| 005 |
20230716143648.0 |
| 008 |
940223s1992 bg b f000 0 eng |
| 010 |
|
|
|a 93908655
|
| 025 |
|
|
|a B-E-8015
|
| 040 |
|
|
|a DLC
|c DLC
|d BD-DhAAL
|
| 042 |
|
|
|a lcode
|
| 043 |
|
|
|a a-bg---
|
| 050 |
0 |
0 |
|a HD2346.B27
|b K63 1992
|
| 082 |
|
|
|a 305.4333895492
|
| 100 |
2 |
|
|a Kochendorfer-Lucius, Gudrun.
|9 55072
|
| 245 |
1 |
0 |
|a Development has got a face :
|b lifestories of thirteen women in Bangladesh on people's economy : interpretation of lifestories /
|c Gudrun Kochendorfer-Lucius, Karl Osner.
|
| 260 |
|
|
|a Dhaka, Bangladesh :
|b Grameen Bank,
|c 1992.
|
| 300 |
|
|
|a 124 pages ;
|c 23 cm.
|
| 490 |
1 |
|
|a Gerechtigkeit und Frieden series
|
| 500 |
|
|
|a "Deutsche Kommission Justitia et Pax DOK 31e."
|
| 504 |
|
|
|a Includes bibliographical references.
|
| 541 |
|
|
|a Donated By Akbar Ali Khan
|e 41362, 41374
|
| 650 |
|
0 |
|a Women-owned business enterprises
|z Bangladesh
|x Case studies.
|9 55073
|
| 650 |
|
0 |
|a Small business
|z Bangladesh
|x Case studies.
|9 55074
|
| 700 |
1 |
|
|a Osner, Karl,
|d 1927-
|9 55075
|
| 710 |
2 |
|
|a Deutsche Kommission Justitia et Pax.
|9 55076
|
| 830 |
|
0 |
|a Gerechtigkeit und Frieden series
|9 55077
|
| 852 |
|
|
|a Ayesha Abed Library
|c Akbar Ali Khan Collection
|
| 942 |
|
|
|2 ddc
|c BK
|
| 999 |
|
|
|c 45972
|d 45972
|
| 952 |
|
|
|0 0
|1 0
|2 ddc
|4 0
|6 305_433389549200000_KOC
|7 1
|9 73954
|a BRACUL
|b BRACUL
|c AAKC
|d 2023-07-16
|e Donated By Akbar Ali Khan
|g 60.00
|l 0
|o 305.4333895492 KOC
|p 3010041362
|r 2023-07-16
|t 1
|w 2023-07-16
|y BK
|
| 952 |
|
|
|0 0
|1 0
|2 ddc
|4 0
|6 305_433389549200000_KOC
|7 1
|9 73962
|a BRACUL
|b BRACUL
|c AAKC
|d 2023-07-16
|e Donated By Akbar Ali Khan
|g 60.00
|l 0
|o 305.4333895492 KOC
|p 3010041374
|r 2023-07-16
|t 2
|w 2023-07-16
|y BK
|